000
00344pab a2200145 454500
008
180718b1986 xxu||||| |||| 00| 0 eng d
100
_a
Linton, Martin
245
_a
The born - again labour voters
260
_c
1986
300
_a
12-14
362
_a
26 Sept.
650
_a
Political Parties - U.K.
773
_a
New Society
909
_a
15343
999
_c
15343
_d
15343